00489nam a2200145Ia 4500008004100000041000800041082001600049100001800065245004500083260004100128300003200169365000700201999001700208952011800225240624s9999 xx 000 0 und d aeng a343.052 JEE aJEEVANANDAM C aFOREIGN EXCHANGE PRACTICE CONCEPTS AND C c2011aNew DelhibSultan Chand & Sons axxii, : 520 : p. : cm. ; 23 cRS c24236d24236 00104070aIMTNbIMTNcRack 14-Bd2015-05-19g300.00o343.052 JEEp24236r2024-06-24 00:00:00t1w2024-06-24yBK